000 00744nam a2200253 i 4500
001 C2-0217932
003 PPAK
005 20180728110425.0
008 990717s1999 my a|||| ||||| | may d
020 _a9835023603
040 _aPPAK
_beng
_cPPAK
_erda
082 0 4 _a640.7
_2 23
090 0 0 _a640.7
_bASR
_dR
100 0 _aAsra Shamsudin,
_eauthor
245 1 0 _aSiri pelangi fokus jingga SPM - ekonomi rumah tangga
264 1 _aBandar Baru Bangi, Selangor :
_bPelangi ,
_c1999 ; 2000
300 _axxv, 326 pages :
_billustrations ;
_c26 cm
336 _2rdacontent
_atext
337 _2rdamedia
_aunmediated
338 _2rdacarrier
_avolume
650 1 0 _aHome economics - Study and teaching.
700 _eauthor
942 _ddc
_cB
999 _c161007
_d161007